| 000 | 00736nmc a2200277 a 4500 | ||
|---|---|---|---|
| 003 | AR-BaBNM | ||
| 005 | 20251128202847.0 | ||
| 008 | 247019s1987 ||||||||||||||000 | spa|| | ||
| 020 | _a950-21-0860-4 | ||
| 040 | _cAR-BaBNM | ||
| 100 | 1 | _aFormiga de Tosco, Lidia María | |
| 245 | 1 | 0 |
_a¡Basta de robots! _b; Canción de caramelo |
| 260 |
_aBuenos Aires _bPlus Ultra _c1987 |
||
| 300 | 0 |
_a53 p. _bil. |
|
| 490 | 0 |
_aEl escenario _vv. 16 |
|
| 650 | 4 | _aTEATRO INFANTIL | |
| 650 | 4 | _aEDUCACION ARTISTICA | |
| 650 | 4 | _aARTES ESCENICAS | |
| 650 | 4 | _aLIBROS PARA NINOS | |
| 650 | 4 | _aTEATRO ARGENTINO | |
| 655 | _aLITERATURA | ||
| 700 | 0 |
_aSmuchi _eilustrador |
|
| 800 | 1 | _aLacau, María Hortensia | |
| 942 | _cBK | ||
| 998 | _cMARTIN | ||
| 999 |
_c931 _d931 |
||